ბათუმის შოთა რუსთაველის სახელმწიფო უნივერსიტეტის ბიბლიოთეკა

Рассказы о множествах (ბიბ.ჩანაწერი № 48251)

000 -LEADER
fixed length control field 00515nam a2200205Ia 4500
001 - CONTROL NUMBER
control field 15135
003 - CONTROL NUMBER IDENTIFIER
control field GE_BSU
008 - FIXED-LENGTH DATA ELEMENTS--GENERAL INFORMATION
fixed length control field 181216s||||||||xx |||||||||||||| ||und||
040 ## - CATALOGING SOURCE
Transcribing agency GE_BSU
080 ## - UNIVERSAL DECIMAL CLASSIFICATION NUMBER
Universal Decimal Classification number 510.22
100 ## - MAIN ENTRY--PERSONAL NAME
Personal name Виленкин,Н.Я.
245 ## - TITLE STATEMENT
Title Рассказы о множествах
245 ## - TITLE STATEMENT
Statement of responsibility, etc. Ред.Р.С.Гутер
260 ## - PUBLICATION, DISTRIBUTION, ETC.
Place of publication, distribution, etc. Москва
260 ## - PUBLICATION, DISTRIBUTION, ETC.
Name of publisher, distributor, etc. Наука
260 ## - PUBLICATION, DISTRIBUTION, ETC.
Date of publication, distribution, etc. 1965
300 ## - PHYSICAL DESCRIPTION
Extent 127стр.20см.
653 ## - INDEX TERM--UNCONTROLLED
Uncontrolled term Рассказы о множествах
942 ## - ADDED ENTRY ELEMENTS (KOHA)
Koha item type წიგნი
ეგზემპლარები
Withdrawn status Lost status Damaged status Not for loan Date acquired Barcode Date last seen Price effective from Koha item type
        2018-12-17 17131 2018-12-17 2018-12-17 წიგნი
        2018-12-17 17132 2018-12-17 2018-12-17 წიგნი